[Event "12th Boris Kostic mem"]
[Site "Vrsac"]
[EventDate "1987.10.03"]
[Date "1987.10.03"]
[Round "1"]
[White "Rogers, Ian"]
[Black "Ivanovic, Bozidar"]
[Result "1/2-1/2"]
[WhiteElo "2535"]
[BlackElo "2535"]
[PlyCount "260"]
[Source "Perpetual Check"]

1. e4 c5 2. Nf3 Nc6 3. d4 cxd4 4. Nxd4 Nf6 5. Nc3 e5 6. Ndb5 d6 7. Bg5 a6 8.
Na3 b5 9. Bxf6 gxf6 10. Nd5 f5 11. c3 Bg7 12. exf5 Bxf5 13. Qf3 Be6 14. Nf4 Nd4
15. cxd4 exf4 16. Nc2 O-O 17. Bd3 Qg5 18. O-O d5 19. h3 Kh8 20. a4 Bf6 21. axb5
axb5 22. Kh1 Qh6 23. Nb4 Rxa1 24. Rxa1 Bxd4 25. Nxd5 Bxb2 26. Rb1 Bxd5 27. Qxd5
Qg7 28. Qe4 f5 29. Qxf4 Qd4 30. Qf3 b4 31. Bxf5 Qc5 32. g4 Qc3 33. Qe4 Qxh3+
34. Kg1 Bg7 35. Rxb4 Rd8 36. Bd7 Rf8 37. Rb7 Qf3 38. Qxf3 Rxf3 39. Bf5 Bd4 40.
Rxh7+ Kg8 41. Rh2 Kg7 42. Kf1 Kf6 43. Be4 Rc3 44. Rh5 Rc5 45. Bd5 Ke7 46. Rh7+
Kd6 47. Be4 Ke5 48. f3 Kf4 49. Ke2 Bb2 50. Rf7+ Kg3 51. Rb7 Bc1 52. Kd3 Bf4 53.
Rf7 Ra5 54. Kc4 Re5 55. Bd5 Rg5 56. Kc5 Rg8 57. Be4 Rg5+ 58. Kc6 Ra5 59. Kb6
Re5 60. Kb7 Rc5 61. Bc6 Rc1 62. Rf5 Rh1 63. Kc8 Rh6 64. Be4 Be3 65. Kd7 Kh4 66.
Ke7 Bg5+ 67. Kf7 Rh7+ 68. Kg8 Ra7 69. Rb5 Rc7 70. Rb1 Kg3 71. Rb2 Kh4 72. Rb5
Rd7 73. Rf5 Re7 74. Bd5 Ra7 75. f4 Kxg4 76. Be6 Re7 77. Rxg5+ Kxf4 78. Rg6 Ra7
79. Bf7 Ra3 80. Rb6 Ke5 81. Kg7 Rg3+ 82. Bg6 Rf3 83. Rb1 Rf2 84. Re1+ Kd6 85.
Bb1 Kd5 86. Kg6 Kd4 87. Bf5 Rb2 88. Kf6 Rb6+ 89. Be6 Rb2 90. Rd1+ Kc3 91. Rd8
Re2 92. Rc8+ Kd4 93. Rc4+ Kd3 94. Ra4 Re1 95. Kf5 Kc3 96. Bd5 Re8 97. Be6 Rh8
98. Ke5 Re8 99. Ra3+ Kd2 100. Kd5 Rd8+ 101. Kc4 Re8 102. Bd5 Rc8+ 103. Kd4 Rd8
104. Ra2+ Kd1 105. Rh2 Rd7 106. Ke4 Kc1 107. Bc4 Rd2 108. Rh8 Rd7 109. Ba6 Kb2
110. Rb8+ Kc3 111. Rc8+ Kb4 112. Bc4 Rh7 113. Bd5 Rh4+ 114. Ke5 Rh5+ 115. Kd6
Rh6+ 116. Be6 Rh4 117. Rb8+ Kc3 118. Rb3+ Kd2 119. Ke5 Rh8 120. Bf7 Rd8 121.
Bg6 Rd7 122. Rh3 Rd8 123. Bf5 Re8+ 124. Kd4 Rd8+ 125. Kc4 Ke2 126. Kc3 Kf2 127.
Be4 Ke2 128. Bd3+ Kf2 129. Kd2 Re8 130. Rh4 Rd8 1/2-1/2

[Event "12th Boris Kostic mem"]
[Site "Vrsac"]
[EventDate "1987.10.03"]
[Date "1987.10.04"]
[Round "2"]
[White "Rajkovic, Dusan"]
[Black "Rogers, Ian"]
[Result "1/2-1/2"]
[WhiteElo "2480"]
[BlackElo "2535"]
[PlyCount "34"]
[Source "Perpetual Check"]

1. d4 Nf6 2. c4 e6 3. Nc3 d5 4. Nf3 Bb4 5. cxd5 exd5 6. Bg5 Nbd7 7. Rc1 O-O 8.
e3 c6 9. Bd3 Be7 10. O-O Re8 11. Qc2 Nf8 12. Bxf6 Bxf6 13. b4 a6 14. a4 g6 15.
b5 a5 16. Ne2 Bd7 17. Nf4 Ne6 1/2-1/2

[Event "12th Boris Kostic mem"]
[Site "Vrsac"]
[EventDate "1987.10.03"]
[Date "1987.10.04"]
[Round "2"]
[White "Geller, Efim"]
[Black "Popovic, Petar"]
[Result "0-1"]
[WhiteElo "2515"]
[BlackElo "2560"]
[PlyCount "90"]
[Source "Perpetual Check"]

1. e4 c5 2. Nf3 d6 3. d4 cxd4 4. Nxd4 Nf6 5. Nc3 Nc6 6. Be2 e5 7. Nf3 h6 8. O-O
Be7 9. Re1 O-O 10. h3 a6 11. Bf1 Qc7 12. b3 Nd4 13. Bb2 Nxf3+ 14. Qxf3 Be6 15.
Bd3 Rac8 16. Ne2 Qa5 17. Ng3 g6 18. Nf1 Nh5 19. Ne3 Nf4 20. Bf1 Kh7 21. Red1
Qc5 22. c4 Bg5 23. h4 Bd8 24. g3 Nh5 25. Nd5 f5 26. b4 Qc6 27. exf5 Bxf5 28.
Qe3 Qe8 29. Rac1 g5 30. c5 dxc5 31. Rxc5 Rxc5 32. bxc5 gxh4 33. Bxe5 hxg3 34.
fxg3 Qg6 35. Kh2 Nxg3 36. Nf4 Nxf1+ 37. Rxf1 Qg5 38. Qg3 Bg4 39. Re1 Ba5 40.
Re3 Bd2 41. Re4 Qxe5 42. Rxe5 Bxf4 43. Re7+ Kg6 44. Rxb7 Bxg3+ 45. Kxg3 h5 0-1

[Event "12th Boris Kostic mem"]
[Site "Vrsac"]
[EventDate "1987.10.03"]
[Date "1987.10.05"]
[Round "3"]
[White "Damljanovic, Branko"]
[Black "Ivanovic, Bozidar"]
[Result "1/2-1/2"]
[WhiteElo "2500"]
[BlackElo "2535"]
[PlyCount "24"]
[Source "Perpetual Check"]

1. d4 Nf6 2. Nf3 d5 3. c4 e6 4. Nc3 Be7 5. Bg5 h6 6. Bh4 O-O 7. e3 b6 8. Bd3
Bb7 9. O-O Ne4 10. Bxe7 Qxe7 11. Rc1 c5 12. cxd5 exd5 1/2-1/2

[Event "12th Boris Kostic mem"]
[Site "Vrsac"]
[EventDate "1987.10.03"]
[Date "1987.10.06"]
[Round "4"]
[White "Rajkovic, Dusan"]
[Black "Damljanovic, Branko"]
[Result "0-1"]
[WhiteElo "2480"]
[BlackElo "2500"]
[PlyCount "121"]
[Source "Perpetual Check"]

1. d4 Nf6 2. c4 g6 3. Nc3 Bg7 4. e4 d6 5. Nf3 O-O 6. Be2 Bg4 7. Be3 Nfd7 8. Ng1
Bxe2 9. Ngxe2 c5 10. d5 Na6 11. O-O Nc7 12. a4 b6 13. Qd2 a6 14. Bh6 Rb8 15.
Bxg7 Kxg7 16. Nd1 Nf6 17. Ng3 b5 18. axb5 axb5 19. b3 bxc4 20. bxc4 e5 21. Ne3
Nce8 22. Ra6 Kg8 23. Rfa1 Ng7 24. f3 Rb6 25. Ne2 Rxa6 26. Rxa6 Qe7 27. Nc3 Nfe8
28. Nb5 f5 29. exf5 gxf5 30. Nf1 f4 31. Qd3 Nf5 32. g4 fxg3 33. hxg3 Qg5 34.
Ra2 Nd4 35. Nxd4 exd4 36. Qe4 Ng7 37. Ra7 h5 38. Kg2 Rf7 39. Ra8+ Rf8 40. f4
Qf6 41. Rxf8+ Kxf8 42. Nd2 Nf5 43. Nf3 Qg6 44. Ng5 Ne3+ 45. Kf3 Qxe4+ 46. Nxe4
Nxc4 47. Nf6 Kf7 48. Nxh5 Ne3 49. g4 Nxd5 50. Ng3 d3 51. Ne4 Ke7 52. Nd2 Nb4
53. g5 d5 54. Ke3 c4 55. Nb1 Nc2+ 56. Kd2 d4 57. f5 Kf7 58. f6 Kg6 59. Kd1 c3
60. Kc1 Kf7 61. Nd2 0-1

[Event "12th Boris Kostic mem"]
[Site "Vrsac"]
[EventDate "1987.10.03"]
[Date "1987.10.06"]
[Round "4"]
[White "Georgiev, Kiril"]
[Black "Rogers, Ian"]
[Result "1-0"]
[WhiteElo "2605"]
[BlackElo "2535"]
[PlyCount "203"]
[Source "Perpetual Check"]

1. Nf3 Nf6 2. c4 g6 3. Nc3 Bg7 4. e4 d6 5. d4 Bg4 6. Be2 Nc6 7. Be3 O-O 8. Rc1
Re8 9. d5 Bxf3 10. Bxf3 Ne5 11. Be2 e6 12. O-O Ned7 13. f3 Qb8 14. Qd2 c6 15.
Rfd1 Bf8 16. Bf1 a6 17. b4 cxd5 18. cxd5 b5 19. dxe6 Rxe6 20. a4 d5 21. exd5
Rxe3 22. Qxe3 Bxb4 23. Kh1 Bc5 24. Qe1 Bd6 25. g3 b4 26. Ne4 Nxe4 27. Qxe4 b3
28. Rc6 Ne5 29. Rc3 Nd7 30. Qe3 Qb4 31. Rxb3 Qxa4 32. Rbb1 Ne5 33. Ra1 Qc2 34.
Qe2 Qf5 35. f4 Ng4 36. Bh3 Qe4+ 37. Qxe4 Nf2+ 38. Kg2 Nxe4 39. Bd7 a5 40. Bc6
Ra7 41. Rdb1 Nc5 42. Ra2 Kg7 43. Kf3 f5 44. Rb6 Kf8 45. Ba4 Nb7 46. Re2 Bb4 47.
Bc6 Nd6 48. Rb8+ Kg7 49. Re6 Bc5 50. Ba4 Ne4 51. Rd8 Nc3 52. Rd7+ Rxd7 53. Bxd7
a4 54. Ra6 a3 55. Be6 Nb5 56. Bd7 Nc3 57. d6 Ne4 58. Be6 Nxd6 59. Ra5 Bb4 60.
Ra7+ Kh8 61. Kg2 Bc5 62. Rc7 Bd4 63. Rd7 Bc5 64. Kf1 Ne4 65. Rc7 Bb6 66. Rc6
Bd4 67. Rc8+ Kg7 68. Rc7+ Kf6 69. Bd5 g5 70. Rc6+ Kg7 71. fxg5 Nxg5 72. Ra6 Bb2
73. Ke2 Bc1 74. Rc6 Bb2 75. Ke3 Ne4 76. Kf3 Nc3 77. Bc4 Nb5 78. Ra6 Nd4+ 79.
Kf4 Bc1+ 80. Ke5 Bb2 81. Bd3 h5 82. Kf4 Bc1+ 83. Ke5 Bb2 84. Bxf5 Nc2+ 85. Kd6
Nb4 86. Ra7+ Kf6 87. Bb1 h4 88. gxh4 Be5+ 89. Kd7 Bxh2 90. Rxa3 Nd5 91. Ra6+
Kg7 92. Rg6+ Kf7 93. Rg2 Nf6+ 94. Kd8 Bd6 95. Ba2+ Kf8 96. h5 Be7+ 97. Kc8 Bc5
98. h6 Bd4 99. Rd2 Bc3 100. Rd8+ Ke7 101. h7 Ne8 102. Rd7+ 1-0

[Event "12th Boris Kostic mem"]
[Site "Vrsac"]
[EventDate "1987.10.03"]
[Date "1987.10.07"]
[Round "5"]
[White "Tseshkovsky, Vitaly"]
[Black "Georgiev, Kiril"]
[Result "1/2-1/2"]
[WhiteElo "2485"]
[BlackElo "2605"]
[PlyCount "32"]
[Source "Perpetual Check"]

1. e4 e5 2. Nf3 Nf6 3. Nxe5 d6 4. Nf3 Nxe4 5. d4 d5 6. Bd3 Nc6 7. O-O Be7 8.
Re1 Bg4 9. c4 Nf6 10. cxd5 Bxf3 11. Qxf3 Qxd5 12. Qh3 Nxd4 13. Nc3 Qd7 14.
Qxd7+ Kxd7 15. Be3 Ne6 16. Rad1 Bd6 1/2-1/2

[Event "12th Boris Kostic mem"]
[Site "Vrsac"]
[EventDate "1987.10.03"]
[Date "1987.10.09"]
[Round "6"]
[White "Geller, Efim"]
[Black "Ivanovic, Bozidar"]
[Result "1/2-1/2"]
[WhiteElo "2515"]
[BlackElo "2535"]
[PlyCount "116"]
[Source "Perpetual Check"]

1. e4 c5 2. Nf3 Nc6 3. d4 cxd4 4. Nxd4 Nf6 5. Nc3 e5 6. Ndb5 d6 7. Bg5 a6 8.
Na3 b5 9. Nd5 Be7 10. Bxf6 Bxf6 11. c3 Ne7 12. Nc2 Nxd5 13. Qxd5 Rb8 14. Nb4
Bb7 15. Qd3 O-O 16. Be2 a5 17. Nd5 Bxd5 18. Qxd5 b4 19. c4 Qb6 20. Rd1 Be7 21.
O-O Rbc8 22. Qd3 g6 23. Kh1 Rc5 24. b3 f5 25. exf5 gxf5 26. Qh3 Kh8 27. f3 Qb7
28. Bd3 Qc8 29. Bb1 Rf7 30. g4 fxg4 31. fxg4 Rg7 32. Bf5 Qa8+ 33. Qf3 Qxf3+ 34.
Rxf3 Rf7 35. Rh3 Bf8 36. Kg2 a4 37. Kf3 axb3 38. axb3 Ra5 39. Ke4 Ra2 40. Kd5
Ra5+ 41. Ke4 Ra2 42. c5 dxc5 43. Rd8 Re2+ 44. Kd3 Rf2 45. Rc8 Rf4 46. Ke3 Rf1
47. Ke4 Re1+ 48. Kd5 Rd1+ 49. Kxe5 Re7+ 50. Kf4 Kg8 51. Bxh7+ Rxh7 52. Rxf8+
Kxf8 53. Rxh7 Rd3 54. Rc7 Rxb3 55. Rxc5 Rh3 56. Rc2 b3 57. Rd2 Kf7 58. Kg5 Re3
1/2-1/2

[Event "12th Boris Kostic mem"]
[Site "Vrsac"]
[EventDate "1987.10.03"]
[Date "1987.10.10"]
[Round "7"]
[White "Damljanovic, Branko"]
[Black "Barlov, Dragan"]
[Result "1-0"]
[WhiteElo "2500"]
[BlackElo "2555"]
[PlyCount "85"]
[Source "Perpetual Check"]

1. Nf3 Nf6 2. c4 e6 3. g3 d5 4. b3 a5 5. Bb2 a4 6. Na3 c6 7. Bg2 Bd6 8. O-O Qe7
9. Qc1 O-O 10. d4 b6 11. Ne5 Bb7 12. Nc2 a3 13. Bc3 Ne4 14. Bxe4 dxe4 15. c5
bxc5 16. Nc4 cxd4 17. Nxd6 Qxd6 18. Bxd4 Nd7 19. Rd1 Qe7 20. Bc3 Nb6 21. Bb4 c5
22. Bxa3 Nd5 23. Ne3 Nb4 24. Bxb4 cxb4 25. Rd4 e5 26. Rc4 Ba6 27. Rc7 Qd8 28.
Rc2 f5 29. Qd2 Qe8 30. Nc4 f4 31. Qd5+ Kh8 32. Qxe4 fxg3 33. hxg3 Rb8 34. Rd1
Bb7 35. Qh4 Qg6 36. Rcd2 Qc6 37. e4 Qc5 38. Ne3 h6 39. Rc2 Qb6 40. Nf5 Qg6 41.
Rd6 Qg5 42. Qxg5 hxg5 43. f3 1-0

[Event "12th Boris Kostic mem"]
[Site "Vrsac"]
[EventDate "1987.10.03"]
[Date "1987.10.11"]
[Round "8"]
[White "Cvitan, Ognjen"]
[Black "Damljanovic, Branko"]
[Result "1/2-1/2"]
[WhiteElo "2510"]
[BlackElo "2500"]
[PlyCount "24"]
[Source "Perpetual Check"]

1. d4 Nf6 2. c4 e6 3. Nc3 d5 4. Bg5 Be7 5. e3 h6 6. Bxf6 Bxf6 7. Nf3 O-O 8. Rc1
c6 9. Bd3 Nd7 10. O-O dxc4 11. Bxc4 c5 12. Qe2 cxd4 1/2-1/2

[Event "12th Boris Kostic mem"]
[Site "Vrsac"]
[EventDate "1987.10.03"]
[Date "1987.10.12"]
[Round "9"]
[White "Geller, Efim"]
[Black "Georgiev, Kiril"]
[Result "0-1"]
[WhiteElo "2515"]
[BlackElo "2605"]
[PlyCount "78"]
[Source "Perpetual Check"]

1. e4 c5 2. Nf3 d6 3. d4 cxd4 4. Nxd4 Nf6 5. Nc3 a6 6. Be2 e6 7. O-O Be7 8. f4
Qc7 9. a4 O-O 10. Kh1 Rd8 11. Qe1 b6 12. Bf3 Bb7 13. e5 dxe5 14. Bxb7 Qxb7 15.
fxe5 Nd5 16. Ne4 Nc6 17. Nxc6 Qxc6 18. c3 Rd7 19. Qg3 Bf8 20. Bg5 Kh8 21. Rf3
Qc7 22. Raf1 h6 23. h3 f5 24. Bc1 Rdd8 25. Nd6 Bxd6 26. exd6 Qxd6 27. Qg6 Ne7
28. Qf7 Rf8 29. Qh5 e5 30. Bg5 f4 31. Bxe7 Qxe7 32. Qg6 Qb7 33. Re1 Rf6 34. Qd3
Re8 35. Re4 Rd6 36. Qxd6 Qxe4 37. Qxb6 Qxa4 38. Rd3 Qc4 39. Rd6 f3 0-1

[Event "12th Boris Kostic mem"]
[Site "Vrsac"]
[EventDate "1987.10.03"]
[Date "1987.10.13"]
[Round "10"]
[White "Barlov, Dragan"]
[Black "Geller, Efim"]
[Result "1-0"]
[WhiteElo "2555"]
[BlackElo "2515"]
[PlyCount "117"]
[Source "Perpetual Check"]

1. d4 d5 2. c4 e6 3. Nc3 Be7 4. Nf3 Nf6 5. Bg5 h6 6. Bh4 O-O 7. e3 b6 8. Qb3
Bb7 9. Bxf6 Bxf6 10. cxd5 exd5 11. Rd1 Re8 12. Be2 c6 13. O-O Nd7 14. Bd3 Rc8
15. Rfe1 g6 16. e4 c5 17. Nxd5 cxd4 18. Nxf6+ Qxf6 19. Qa3 Nc5 20. Nd2 a5 21.
f3 Kg7 22. Nb3 Nxd3 23. Rxd3 Red8 24. e5 Qh4 25. g3 Qg5 26. Nxd4 Rc1 27. Rxc1
Qxc1+ 28. Kf2 Re8 29. e6 Qh1 30. Qd6 Qxh2+ 31. Ke3 Bc8 32. Qe5+ Kg8 33. e7 Qxb2
34. g4 Ba6 35. Rd1 Qa3+ 36. Kf2 Qxe7 37. Qxe7 Rxe7 38. Rd2 Rd7 39. Ke3 Rd6 40.
Rc2 Bb7 41. Rc7 Bd5 42. a3 Kg7 43. Kf4 Kf6 44. Rc1 Be6 45. Ke4 Bd7 46. Rh1 Bc6+
47. Ke3 Kg7 48. Rb1 Bd5 49. Rd1 Rd7 50. Rb1 Rb7 51. Kf4 Bc4 52. Rc1 Rc7 53. Rb1
Rd7 54. Ke5 b5 55. Rc1 a4 56. Ke4 Re7+ 57. Kf4 g5+ 58. Kg3 Re3 59. Nf5+ 1-0

[Event "12th Boris Kostic mem"]
[Site "Vrsac"]
[EventDate "1987.10.03"]
[Date "1987.10.13"]
[Round "10"]
[White "Rogers, Ian"]
[Black "Tseshkovsky, Vitaly"]
[Result "1/2-1/2"]
[WhiteElo "2535"]
[BlackElo "2485"]
[PlyCount "95"]
[Source "Perpetual Check"]

1. e4 e5 2. Bc4 Nf6 3. d3 c6 4. Bb3 d5 5. Nf3 Bd6 6. Nc3 dxe4 7. Nxe4 Nxe4 8.
dxe4 Bg4 9. h3 Bh5 10. Bg5 f6 11. Be3 Na6 12. Qe2 Qe7 13. O-O-O Nc5 14. Bxc5
Bxc5 15. g4 Bf7 16. Bxf7+ Qxf7 17. Kb1 O-O 18. h4 b5 19. h5 Rad8 20. Nh4 a5 21.
Nf5 Bb6 22. f3 Qe6 23. a3 a4 24. Rxd8 Rxd8 25. Rd1 Rxd1+ 26. Qxd1 g6 27. Ng3
Kf7 28. Qd2 Ke8 29. hxg6 hxg6 30. Qh6 Qf7 31. g5 fxg5 32. Qxg5 Bc7 33. Qg4 Kd8
34. Ne2 Qf6 35. Nc1 Bb6 36. Nd3 Be3 37. Qh3 Kc7 38. Qh7+ Kb6 39. Qg8 Kb7 40.
Qe8 Qxf3 41. Qe7+ Kb6 42. Qd8+ Kb7 43. Qd7+ Kb6 44. Qd8+ Kb7 45. Qe7+ Kb6 46.
Nxe5 Qd1+ 47. Ka2 Qxc2 48. Nd7+ 1/2-1/2

[Event "12th Boris Kostic mem"]
[Site "Vrsac"]
[EventDate "1987.10.03"]
[Date "1987.10.15"]
[Round "11"]
[White "Damljanovic, Branko"]
[Black "Rogers, Ian"]
[Result "1/2-1/2"]
[WhiteElo "2500"]
[BlackElo "2535"]
[PlyCount "45"]
[Source "Perpetual Check"]

1. d4 Nf6 2. Nf3 g6 3. c4 Bg7 4. Nc3 d5 5. Bg5 Ne4 6. cxd5 Nxg5 7. Nxg5 e6 8.
Nf3 exd5 9. b4 O-O 10. e3 Qd6 11. Qb3 Be6 12. Be2 c6 13. O-O Nd7 14. Rac1 a5
15. b5 c5 16. Qa3 Rfc8 17. e4 Bf8 18. exd5 Bxd5 19. Nxd5 Qxd5 20. Bc4 Qf5 21.
Qe3 Nb6 22. Bd3 Qh5 23. Qe4 1/2-1/2

[Event "12th Boris Kostic mem"]
[Site "Vrsac"]
[EventDate "1987.10.03"]
[Date "1987.10.15"]
[Round "11"]
[White "Georgiev, Kiril"]
[Black "Barlov, Dragan"]
[Result "1-0"]
[WhiteElo "2605"]
[BlackElo "2555"]
[PlyCount "123"]
[Source "Perpetual Check"]

1. d4 Nf6 2. Nf3 c5 3. d5 g6 4. Nc3 d6 5. e4 Bg7 6. Bb5+ Nfd7 7. a4 O-O 8. O-O
Na6 9. Re1 Nc7 10. Bf1 Nf6 11. h3 e5 12. dxe6 Nxe6 13. a5 Ne8 14. e5 dxe5 15.
Qxd8 Nxd8 16. Nxe5 Nc7 17. Nb5 Nxb5 18. Bxb5 Ne6 19. c3 Nc7 20. Bf1 Be6 21. Nd3
b6 22. Nf4 Bb3 23. Re7 Nd5 24. Nxd5 Bxd5 25. Bf4 h6 26. Rd7 Be6 27. Rb7 g5 28.
Bg3 bxa5 29. Rxa5 Rfd8 30. Be2 Rd2 31. Bf3 c4 32. Ra1 Rc2 33. Bc7 Rd2 34. Rb4
Rc8 35. Rxa7 Bf8 36. Rb5 Rc2 37. g4 Bg7 38. Rab7 Bf6 39. Rb8 Rxb8 40. Rxb8+ Kg7
41. Bd6 Rc1+ 42. Kg2 Re1 43. Bc6 Be5 44. Bf8+ Kf6 45. Re8 Re2 46. Bxh6 Kg6 47.
Bf8 Rxb2 48. Be4+ Kf6 49. Be7+ Kg7 50. Bxg5 Bxc3 51. Be3 Rb5 52. Bc6 Ra5 53. g5
Re5 54. Ra8 Bd5+ 55. Bxd5 Rxd5 56. Rc8 Bd4 57. Bxd4+ Rxd4 58. Kg3 Rd3+ 59. Kg4
Rd2 60. f4 Rg2+ 61. Kh5 Rg3 62. h4 1-0